000 00518nam a2200181Ia 4500
003 OSt
005 20260131123720.0
008 210210b1954 xxu||||| |||| 00| 0 eng d
040 _cAL
041 _aKannada
082 _a853/146
100 _aTA RA SU
_9124042
_dತ. ರಾ. ಸು.
245 _aMahashvete: Radio nataka
_bಮಹಾಶ್ವೇತೆ : ರೇಡಿಯೋ ನಾಟಕ
260 _aMaisuru
_bNetravati Prakashana
_c1954
690 _aKannada Drama
_9124043
906 _a019416
942 _2ddc
_cBK
999 _c143535
_d143535